000
00256nam a2200109Ia 4500
008
230907s9999||||xx |||||||||||||| ||und||
082
_a
371.956
_b
TAI
100
_a
Tait, Aaron.
_9
115605
245
0
_a
Edupreneur :
300
_a
xi, 191 pages :
942
_c
BK
999
_c
598928
_d
598928